000 00261nam a2200097Ia 4500
001 641684
005 20250826153512.0
008 250824s9999 xx 000 0 und d
245 0 _aHUCKLE BERRY FİNN GENÇLİK KLASİKLERİ
_cMARK TWAIN
260 _bTİMAŞ ÇOCUK
999 _c641684
_d641684